| 000 | 00396cam a22001097a 4500 | ||
|---|---|---|---|
| 008 | 180718b1970 xxu||||| |||| 00| 0 eng d | ||
| 082 | _aI5135x54 AR/S | ||
| 245 |
_aThe Administrative Reforms Commission and its work: a brief survey _cby Administrative Reforms Commission |
||
| 260 |
_aDelhi _bThe Manager of Publications _c1970 |
||
| 300 | _a68+p. | ||
| 700 | _aIndia. Administrative Reforms Commission | ||
| 999 |
_c489254 _d489254 |
||